UM Logo
Normal view MARC view
  • Sangani, Soheil Hasani.

Entry Personal Name

Number of records used in: 1

001 - CONTROL NUMBER

  • control field: 54185

003 - CONTROL NUMBER IDENTIFIER

  • control field: OSt

005 - DATE AND TIME OF LATEST TRANSACTION

  • control field: 20240308142139.0

008 - FIXED-LENGTH DATA ELEMENTS

  • fixed length control field: 240308|| aca||aabn | a|a d

040 ## - CATALOGING SOURCE

  • Original cataloging agency: OSt
  • Transcribing agency: OSt

100 ## - HEADING--PERSONAL NAME

  • Personal name: Sangani, Soheil Hasani.
  • Relator term: author.

670 ## - SOURCE DATA FOUND

  • Source citation: Work cat.: (OSt): Beiranvand, Reza. author. 54184, A family of interleaved high step-up DC—DC converters by integrating a voltage multiplier and an active clamp circuits /, July 2022.